DISEÑO Y PLANIFICACIÓN DEL SISTEMA DE ALCANTARILLADO SANITARIO DE LA COLONIA MUNICIPAL SESIBCHE DEL MUNICIPIO DE SAN JUAN CHAMELCO Y DISEÑO Y PLANIFICACIÓN DEL EDIFICIO MUNICIPAL EN LA FINCA SESIBCHE DEL MUNICIPIO DE SAN JUAN CHAMELCO DEL DEPARTAMENTO DE ALTA VERAPAZ (Registro nro. 2109)
[ vista simple ]
| 000 -LEADER | |
|---|---|
| campo de control de longitud fija | 03162nam a22003377a 4500 |
| 001 - NÚMERO DE CONTROL | |
| campo de control | TIC 0010 |
| 003 - IDENTIFICADOR DE NÚMERO DE CONTROL | |
| campo de control | gtcocun |
| 005 - FECHA Y HORA DE LA ÚLTIMA TRANSACCIÓN | |
| campo de control | 20250923192034.0 |
| 006 - CÓDIGOS DE INFORMACIÓN DE LONGITUD FIJA--CARACTERÍSTICAS DEL MATERIAL ADICIONAL | |
| campo de control de longitud fija | a||||gr|||| 00| 0 |
| 007 - CAMPO FIJO DE DESCRIPCIÓN FÍSICA--INFORMACIÓN GENERAL | |
| campo de control de longitud fija | ta |
| 008 - DATOS DE LONGITUD FIJA--INFORMACIÓN GENERAL | |
| campo de control de longitud fija | 250923b2021 gt ||||| m||| 00| 0 eng d |
| 040 ## - FUENTE DE CATALOGACIÓN | |
| Centro catalogador/agencia de origen | gtcocun |
| Lengua de catalogación | SPA |
| Centro/agencia transcriptor | gtcocun |
| Normas de descripción | RDA |
| 041 ## - CÓDIGO DE IDIOMA | |
| Código de lengua del texto/banda sonora o título independiente | SPA TIC 0010 |
| 084 ## - OTRO NÚMERO DE CLASIFICACIÓN | |
| Número de control del registro de autoridad o número normalizado | TIC 0010 |
| 100 ## - ENTRADA PRINCIPAL--NOMBRE DE PERSONA | |
| Nombre de persona | Leal Tot, Denis Valentín |
| Término indicativo de función/relación | Autor |
| 245 ## - MENCIÓN DEL TÍTULO | |
| Título | DISEÑO Y PLANIFICACIÓN DEL SISTEMA DE ALCANTARILLADO SANITARIO DE LA COLONIA MUNICIPAL SESIBCHE DEL MUNICIPIO DE SAN JUAN CHAMELCO Y DISEÑO Y PLANIFICACIÓN DEL EDIFICIO MUNICIPAL EN LA FINCA SESIBCHE DEL MUNICIPIO DE SAN JUAN CHAMELCO DEL DEPARTAMENTO DE ALTA VERAPAZ |
| Mención de responsabilidad, etc. | Denis Valentín Leal Tot. |
| Medio | Impreso |
| 264 ## - PRODUCCIÓN, PUBLICACIÓN, DISTRIBUCIÓN, FABRICACIÓN Y COPYRIGHT | |
| Producción, publicación, distribución, fabricación y copyright | Cobán, Alta Verapaz: |
| Nombre del de productor, editor, distribuidor, fabricante | Universidad de San Carlos de Guatemala, Centro Universitario del Norte, Ingeniería Civil. |
| Fecha de producción, publicación, distribución, fabricación o copyright | 2021 |
| 300 ## - DESCRIPCIÓN FÍSICA | |
| Extensión | 227 p.: |
| Otras características físicas | Ilustraciones, gráficas. |
| Dimensiones | 28 cm; |
| 300 ## - DESCRIPCIÓN FÍSICA | |
| Dimensiones | |
| 336 ## - TIPO DE CONTENIDO | |
| Fuente | rdacontenido |
| Término de tipo de contenido | Texto |
| Código de tipo de contenido | txt |
| 337 ## - TIPO DE MEDIO | |
| Fuente | rdamedio |
| Nombre/término del tipo de medio | Computadora |
| Código del tipo de medio | n |
| 338 ## - TIPO DE SOPORTE | |
| Fuente | rdasoporte |
| Nombre/término del tipo de soporte | Código en línea |
| Código del tipo de soporte | cr |
| 502 ## - NOTA DE TESIS | |
| identificador de la tesis | TIC 0010 |
| 502 ## - NOTA DE TESIS | |
| Nota de tesis | Tesis de grado |
| Tipo de título | Ingeniería Civil, |
| Nombre de la institución que otorga el título | Universidad de San Carlos de Guatemala, Centro Universitario del Norte, Ingeniería Civil |
| Año de obtención del título | 2021 |
| Identificador de la tesis | TIC 0010 |
| 520 14 - RESUMEN, ETC. | |
| Sumario, etc. | El capítulo I, enmarca la descripción de la unidad de práctica, las funciones y actividades que se realizan además se describe la monografía del municipio de San Juan Chamelco, Alta Verapaz, la misión, visión y objetivos de la municipalidad.<br/><br/>Por otra parte, el capítulo I presenta una fase de investigación previa a la elaboración de un plan de trabajo en el cual se describen diversos factores o situaciones encontradas que<br/>afectan a la población del municipio.<br/><br/>El capítulo II, corresponde a las actividades realizadas, es decir constituye el servicio<br/>técnico profesional y se divide en dos que son, el diseño y planificación del sistema de alcantarillado sanitario de la colonia municipal Sesibche y el diseño y planificación del edificio municipal en la finca Sesibche del municipio de San Juan Chamelco.<br/><br/>Se fundamentan todos los principios teóricos que sirvieron de base para el diseño de ambos proyectos, para el proyecto del sistema de alcantarillado se incluyen parámetros que el<br/>INFOM recomienda para un correcto desempeño del sistema., en el caso del proyecto del diseño del edificio municipal se utilizó el normativo NSE 2-2018 para lograr una configuración sismo resistente de la estructura y el código ACI 318s-14 para la configuración de los elementos estructurales.<br/><br/>En el capítulo III se discuten los resultados obtenidos por cada intervención, es decir por cada proyecto elaborado para la municipalidad de San Juan Chamelco. |
| 650 14 - PUNTO DE ACCESO ADICIONAL DE MATERIA--TÉRMINO DE MATERIA | |
| Fuente del encabezamiento o término | LEMB |
| Término de materia o nombre geográfico como elemento de entrada | San Juan Chamelco, Alta Verapaz. |
| Subdivisión general | Ingeniría |
| -- | Alcantarillado Sanitario |
| -- | Proyecto |
| -- | Norma de seguridad |
| -- | Estructural |
| -- | Planificación |
| 700 ## - ENTRADA AGREGADA--NOMBRE PERSONAL | |
| Nombre de persona | Ing. Civil Marlon Alexander Moran Castro |
| Término indicativo de función/relación | Asesor |
| 856 ## - LOCALIZACIÓN Y ACCESO ELECTRÓNICOS | |
| Identificador Uniforme de Recurso | <a href="https://drive.google.com/file/d/1a6t8-OLs5M1I700ixzWhh0OqwTdv2I1y/view">https://drive.google.com/file/d/1a6t8-OLs5M1I700ixzWhh0OqwTdv2I1y/view</a> |
| Texto de enlace | |
| Nota pública | Un ejemplar en línea. |
| 942 ## - ELEMENTOS DE ENTRADA SECUNDARIOS (KOHA) | |
| Fuente de la clasificación o esquema de estantería | Clasificación Decimal Dewey |
| Tipo de ítem Koha | TESIS |
| Parte de la signatura que identifica el ejemplar (Parte del ítem) | TIC 0010 |
| Prefijo de la signatura | Clasificación |
| Suprimir en OPAC | No |
| -- | TIC_0010_000000000000000 |
| Estatus retirado | Estado de pérdida | Fuente de la clasificación o esquema de estantería | Estado de daño | No para préstamo | Colección | Biblioteca de origen | Biblioteca actual | Ubicación en estantería | Fecha de adquisición | Número de inventario | Total de préstamos | Signatura topográfica completa | Código de barras | Visto por última vez | Precio de reemplazo | Tipo de ítem Koha |
|---|---|---|---|---|---|---|---|---|---|---|---|---|---|---|---|---|
| Clasificación Decimal Dewey | tesis | BIBLIOTECA- CUNOR -JOSÉ LUIS GONZALES ROSALES | BIBLIOTECA- CUNOR -JOSÉ LUIS GONZALES ROSALES | Colección tesis | 16/09/2025 | TIC 0010 | TIC 0010 | TIC 0010 | 16/09/2025 | 16/09/2025 | TESIS |